00622nam a2200169Ia 4500008004100000020001300041041000800054082001600062100002200078245009700100250000600197260006100203300001200264650002200276999001900298952013500317210716s1995 xx 000 0 und d a71134794 aeng a004.65 LEEW aLee, William C Y. aMobile cellular telecommunications: analog and digital systems.bAnalog and digital systems. a1 aNew DelhibTata McGraw Hill Publishing Company Ltdc1995 axii,664 aComputer Networks c186699d186699 00102ddc40738MCAaAIMITbAIMITeSita Book Houseg318.00l0o004.65 LEEWpMCA06207r2025-07-21 00:00:00v254.40w2021-07-16yBK